Guess the 2000 liner kpop idol - Statistics

General Stats
  • This quiz has been taken 126 times
  • The average score is 11 of 16
Answer Stats
Picture Answer % Correct
Hyunjin
96%
Felix
95%
Yeji
92%
Han
91%
Chaewon
88%
Soobin
85%
Lia
84%
Karina
81%
Giselle
80%
Shuhua
67%
Jongho
53%
Zhanghao
45%
Haechan
43%
Jeno
42%
Jaemin
40%
Heejin
22%
No matching quizzes found
Score Distribution
Percent of People with Each Score
Percentile by Number Answered
Your Score History
You have not taken this quiz